स्वरसुधा (Record no. 473996)

MARC details
000 -LEADER
fixed length control field 00471nam a2200157Ia 4500
008 - FIXED-LENGTH DATA ELEMENTS--GENERAL INFORMATION
fixed length control field 100204s9999 xx 000 0 und d
082 ## - DEWEY DECIMAL CLASSIFICATION NUMBER
Item number 28819
100 ## - MAIN ENTRY--PERSONAL NAME
Personal name गोविलकर सुमती
245 ## - TITLE STATEMENT
Title स्वरसुधा
250 ## - EDITION STATEMENT
Edition statement 0
260 ## - PUBLICATION, DISTRIBUTION, ETC. (IMPRINT)
Name of publisher, distributor, etc "पारस पब्लिकेशन , कोल्हापूर"
Date of publication, distribution, etc 2007
300 ## - PHYSICAL DESCRIPTION
Extent 200
630 ## - SUBJECT ADDED ENTRY--UNIFORM TITLE
Uniform title स्वरसुधा
730 ## - ADDED ENTRY--UNIFORM TITLE
Uniform title स्वरसुधा
942 ## - ADDED ENTRY ELEMENTS (KOHA)
Koha item type Book
Holdings
Withdrawn status Lost status Damaged status Not for loan Home library Current library Date acquired Cost, normal purchase price Total Checkouts Full call number Barcode Date last seen Cost, replacement price Price effective from Koha item type
        N. C. Kelkar Sarvajanik Library, Mulund N. C. Kelkar Sarvajanik Library, Mulund 01/01/2009 190.00   28819 NCKMULUND-28819 02/04/2010 190.00 02/04/2010 Book